Killer presentation with your iPad : how to engage yopur audience and win more business with the world's greatest gadget /

Bibliographic Details
Main Author: Anthony, Ray
Other Authors: LeVitus, Bob
Format: Book
Published: New York: McGraw-Hill, 2014.
Subjects:
LEADER 00717cam a2200205 7i4500
001 0000053050
005 20151104090000.0
005 ##20151104171800.0
003 ##MY-KlINT
020 # # |a 9780071816625  
039 # 9 |y 201511041718  |z VLOAD 
090 0 0 |a 658.4520285   |b ANT 
100 1 # |a Anthony, Ray 
245 0 0 |a Killer presentation with your iPad :   |b how to engage yopur audience and win more business with the world's greatest gadget /   |c Ray Anthony and Bob leVitus. 
260 # # |a New York:   |b McGraw-Hill,   |c 2014. 
300 # # |a xviii,248p:   |b ill;   |c 24cm. 
500 # # |a Includes bibliographical reference and index 
650 # 0 |a iPad (Computer) --   |x Handbooks, manual, etc  
650 # 0 |a Business presentation  
700 0 # |a LeVitus, Bob